000 00730nam a2200193Ia 4500
003 GCL
008 140319s9999 xx 000 0 ara d
040 _aGCL /
_cGCL
082 0 4 _a822
_bج ك
100 1 _aجاكسون، باميلا فيث
245 1 0 _aالكوميديا السوداء /
_cجاكسون، باميلا فيث
700 1 _aكاريمه
260 _aالقاهرة :
_bوزارة الثقافة - مهرجان القاهرة الدولى للمسرح التجريبى ،
_c2004
300 _a2 مج ؛
_c32 سم
650 0 4 _aالمسرحيات الامريكية المترجمة
650 0 4 _aالمسرحيات - تاريخ ونقد
650 0 4 _aالمسرحيات - مجموعات
942 _2ddc
_cBK
999 _c7165
_d7165